| 000 | 00609nam a22002291c 4500 | ||
|---|---|---|---|
| 001 | a987690877 | ||
| 008 | 181120s1986 gw |||| 000u rus d | ||
| 020 |
_a0903868547 _90-90-3868-54-7 |
||
| 041 | _arus | ||
| 100 | 1 | _aZemcov, Il'ja Grigor'evič | |
| 240 | 1 | 4 | _aThe private life of the Soviet elite |
| 245 | 0 | 0 | _aČastnaja žizn sovetskoj elity |
| 264 |
_aLondon : _bOverseas publications interchange, _c1986 |
||
| 300 | _a208 Seiten | ||
| 650 | 0 | _aElite | |
| 650 | 0 | _aAlltag | |
| 650 | 0 | _aPrivatleben | |
| 651 | 0 | _aSowjetunion | |
| 942 | _cMG | ||
| 040 | _cRU-10907106 | ||
| 003 | RU-10907106 | ||
| 999 |
_c33846 _d33846 |
||